| 000 | 00677cam a2200193 4500 | ||
|---|---|---|---|
| 001 | X118549 | ||
| 008 | 020626n2002 000 0 eng u | ||
| 035 | _a(Sirsi) u118549 | ||
| 100 | _aExall, G | ||
| 245 | _aCivil litigation brief | ||
| 260 | _c2002 | ||
| 490 |
_aSolicitors' Journal _v146(16) 26 April 2002, 380-381(2) |
||
| 520 | _aLooks at three decisions on procedure and costs relating to recoverability of insurance premiums, costs after a Part 36 offer, and appropriate judge to make summary assessment of costs. | ||
| 650 | _aINSURANCE PREMIUMS | ||
| 650 | _aCOSTS | ||
| 650 | _aACCESS TO JUSTICE ACT 1999 | ||
| 690 |
_aDispute resolution _96236 |
||
| 942 | _n0 | ||
| 999 |
_c70593 _d70593 |
||